Statistics for British Supermarkets 2014

Click here to take the quiz!

General Stats

  • This quiz has been taken 305 times
  • The average score is 9 of 14

Answer Stats

HintAnswer% Correct
28.6%Tesco
100%
17.4%Asda
93%
16.5%Sainsbury's
91%
4.6%Aldi
89%
11.1%Morrisons
87%
3.4%Lidl
86%
5.0%Waitrose
83%
6.1%Co-op
70%
3.8%Marks & Spencer
59%
2.1%Iceland
47%
0.8%Farmfoods
18%
<1%Budgens
15%
<1%Booths
10%
<1%Costcutter
10%

Score Distribution

Percentile by Number Answered

Percent of People with Each Score

Your Score History

You have not taken this quiz